[Event "17MCR_PFA"]
[Site "?"]
[Date "2003.??.??"]
[Round "?"]
[White "Pytlik, Lesek"]
[Black "Jakimic, Viktor"]
[Result "1-0"]
[WhiteElo "2260"]
[BlackElo "2135"]
[PlyCount "69"]
[EventDate "2003.??.??"]
[EventType "corr"]
[EventRounds "1"]
[SourceDate "2005.10.25"]

1. e4 c5 2. Nf3 Nc6 3. d4 cxd4 4. Nxd4 g6 5. c4 Bg7 6. Be3 Nf6 7. Nc3 O-O 8.
Be2 d6 9. O-O Bd7 10. Rc1 Re8 11. f3 Rc8 12. Qd2 Qa5 13. Rfd1 a6 14. Nb3 Qh5
15. c5 Be6 16. Nd5 Qe5 17. Bf4 Qh5 18. Bg5 dxc5 19. Rxc5 Ne5 20. Nxe7+ Rxe7 21.
Rxe5 Rd7 22. Qe1 Nxe4 23. fxe4 Bg4 24. Bf6 Qh6 25. Bxg7 Qe3+ 26. Qf2 Qxe2 27.
Qxe2 Rxd1+ 28. Qxd1 Bxd1 29. Bf6 Bxb3 30. axb3 Kf8 31. Rd5 Ke8 32. Kf2 h6 33.
Ke3 b5 34. Rd6 Ra8 35. b4 1-0

[Event "17MCR_PFA"]
[Site "?"]
[Date "2003.??.??"]
[Round "?"]
[White "Doubek, Svatopluk"]
[Black "Toman, Antonin"]
[Result "1/2-1/2"]
[WhiteElo "2255"]
[BlackElo "2205"]
[PlyCount "97"]
[EventDate "2003.??.??"]
[EventType "corr"]
[EventRounds "1"]
[SourceDate "2005.10.25"]

1. d4 d5 2. c4 e6 3. Nc3 Nf6 4. Nf3 c6 5. e3 Nbd7 6. Bd3 dxc4 7. Bxc4 b5 8. Bd3
Bb7 9. O-O a6 10. e4 c5 11. d5 c4 12. Bc2 Qc7 13. dxe6 fxe6 14. Nd4 Nc5 15. Be3
e5 16. Nf3 Rd8 17. Qe2 Nd3 18. Rad1 Bb4 19. Bxd3 cxd3 20. Rxd3 Rxd3 21. Qxd3
Bxc3 22. Qxc3 Qxc3 23. bxc3 Nxe4 24. Rc1 Ke7 25. Nxe5 Rc8 26. Bd4 Bd5 27. f3
Nc5 28. Rc2 Ne6 29. Bb6 Kd6 30. Nd3 Ke7 31. Ba5 Kf6 32. Nb4 Bb7 33. Rd2 h6 34.
Kf2 Nc5 35. Nc2 Na4 36. Rd6+ Ke7 37. Bb4 a5 38. Rb6+ axb4 39. Rxb7+ Kf8 40.
Nxb4 Nxc3 41. a3 Ra8 42. Nc2 g6 43. h4 Ra4 44. g4 h5 45. gxh5 Rxh4 46. hxg6
Rh2+ 47. Ke3 Rxc2 48. Kd3 Rc1 49. Kd2 1/2-1/2

[Event "17MCR_PFA"]
[Site "?"]
[Date "2003.??.??"]
[Round "?"]
[White "Bosak, Zdenek"]
[Black "Geryk, Miroslav"]
[Result "1-0"]
[WhiteElo "2250"]
[BlackElo "2235"]
[PlyCount "47"]
[EventDate "2003.??.??"]
[EventType "corr"]
[EventRounds "1"]
[SourceDate "2005.10.25"]

1. e4 c5 2. Nf3 d6 3. Bb5+ Nc6 4. O-O Bd7 5. Re1 Nf6 6. c3 a6 7. Bf1 Bg4 8. h3
Bxf3 9. Qxf3 g6 10. Na3 Bg7 11. Nc4 O-O 12. d3 b5 13. e5 dxe5 14. Nxe5 Nxe5 15.
Rxe5 Nd7 16. Re1 e6 17. a3 Nb6 18. Be3 Qd6 19. Rad1 Nd5 20. d4 c4 21. Bg5 Rac8
22. Be2 a5 23. Bh4 b4 24. Bg3 1-0

[Event "17MCR_PFA"]
[Site "?"]
[Date "2003.??.??"]
[Round "?"]
[White "Klempar, Miloslav"]
[Black "Javorsky, Jan"]
[Result "0-1"]
[WhiteElo "2250"]
[BlackElo "2245"]
[PlyCount "116"]
[EventDate "2003.??.??"]
[EventType "corr"]
[EventRounds "1"]
[SourceDate "2005.10.25"]

1. e4 e6 2. d4 d5 3. Nc3 Nf6 4. Bg5 Be7 5. e5 Nfd7 6. Bxe7 Qxe7 7. f4 a6 8. Nf3
c5 9. Qd2 Nc6 10. O-O-O b5 11. dxc5 Qxc5 12. Bd3 b4 13. Ne2 a5 14. Kb1 a4 15.
c3 O-O 16. Rc1 Qb6 17. Ned4 b3 18. a3 Ba6 19. Nxc6 Qxc6 20. Nd4 Bxd3+ 21. Qxd3
Qc4 22. Qxc4 dxc4 23. Nb5 f6 24. Nc7 Rac8 25. Nxe6 Rfe8 26. Rcd1 Nxe5 27. Rd6
Ng4 28. f5 g6 29. fxg6 hxg6 30. Rf1 Kf7 31. Ng5+ Ke7 32. Rd4 f5 33. h3 Ne3 34.
Re1 Kf6 35. Nh7+ Kg7 36. Rd7+ Kh6 37. Nf6 Re6 38. Kc1 Rcc6 39. h4 Rxf6 40. Rxe3
Rfd6 41. Ree7 Kh5 42. Rh7+ Kg4 43. Rxd6 Rxd6 44. Rh6 Rd3 45. Rxg6+ Kxh4 46. Rc6
Kg3 47. Rxc4 Kxg2 48. Rf4 Rf3 49. Rxa4 f4 50. Rb4 Rf1+ 51. Kd2 f3 52. Rg4+ Kf2
53. c4 Rg1 54. Rf4 Kg3 55. Rf8 f2 56. Kc3 f1=Q 57. Rxf1 Rxf1 58. Kxb3 Kf4 0-1

[Event "17MCR_PFA"]
[Site "?"]
[Date "2003.??.??"]
[Round "?"]
[White "Geryk, Miroslav"]
[Black "Klempar, Miloslav"]
[Result "1/2-1/2"]
[WhiteElo "2235"]
[BlackElo "2250"]
[PlyCount "62"]
[EventDate "2003.??.??"]
[EventType "corr"]
[EventRounds "1"]
[SourceDate "2005.10.25"]

1. e4 c5 2. Nf3 d6 3. d4 cxd4 4. Nxd4 Nf6 5. Nc3 a6 6. Be3 e6 7. f3 b5 8. Qd2
Nbd7 9. O-O-O Bb7 10. g4 h6 11. h4 b4 12. Na4 Qa5 13. b3 Nc5 14. a3 Rc8 15.
Qxb4 Qxb4 16. axb4 Nxa4 17. bxa4 d5 18. e5 Nd7 19. b5 Ra8 20. f4 Nc5 21. c3
Nxa4 22. Kc2 Nc5 23. bxa6 Nxa6 24. Ra1 Nc7 25. Rxa8+ Bxa8 26. Bd3 Bc5 27. f5
O-O 28. Rb1 Be7 29. h5 Rc8 30. Kd2 Bh4 31. Nf3 Be7 1/2-1/2

[Event "17MCR_PFA"]
[Site "?"]
[Date "2003.??.??"]
[Round "?"]
[White "Toman, Antonin"]
[Black "Bosak, Zdenek"]
[Result "1/2-1/2"]
[WhiteElo "2205"]
[BlackElo "2250"]
[PlyCount "89"]
[EventDate "2003.??.??"]
[EventType "corr"]
[EventRounds "1"]
[SourceDate "2005.10.25"]

1. e4 c5 2. b3 e6 3. Bb2 b6 4. Nf3 Bb7 5. Nc3 Nc6 6. d4 cxd4 7. Nxd4 Nf6 8.
Nxc6 dxc6 9. e5 Nd5 10. Ne4 Qh4 11. Qf3 O-O-O 12. a3 c5 13. Rd1 Nb4 14. Rxd8+
Kxd8 15. Bd3 Nxd3+ 16. cxd3 Be7 17. O-O Rf8 18. Qe2 Bxe4 19. dxe4 Kc8 20. a4
Bd8 21. a5 Kb8 22. b4 cxb4 23. Bd4 Qe7 24. axb6 Bxb6 25. Qb5 Qc7 26. Qxb4 Rc8
27. h3 Ka8 28. Bxb6 Qxb6 29. Qd2 h6 30. Ra1 Qc7 31. Qd4 Qc5 32. Qd7 Qc7 33. Qa4
Rb8 34. g3 h5 35. h4 g6 36. Kg2 Rd8 37. Ra2 Qd7 38. Qa3 Qd4 39. Kh2 Qd7 40. Qc5
Qb7 41. Ra4 Qd7 42. Rc4 Qb7 43. Rc2 Kb8 44. Qa3 Qd7 45. Qb2+ 1/2-1/2

[Event "17MCR_PFA"]
[Site "?"]
[Date "2003.??.??"]
[Round "?"]
[White "Jakimic, Viktor"]
[Black "Doubek, Svatopluk"]
[Result "1/2-1/2"]
[WhiteElo "2135"]
[BlackElo "2255"]
[PlyCount "38"]
[EventDate "2003.??.??"]
[EventType "corr"]
[EventRounds "1"]
[SourceDate "2005.10.25"]

1. d4 Nf6 2. c4 g6 3. Nc3 Bg7 4. e4 d6 5. f4 O-O 6. Nf3 c5 7. d5 e6 8. Be2 exd5
9. cxd5 Bg4 10. O-O Nbd7 11. h3 Bxf3 12. Bxf3 Re8 13. Re1 Qa5 14. Be3 b5 15. a3
Nb6 16. Bf2 Nc4 17. Qc2 Nd7 18. Rec1 a6 19. Ra2 Rad8 1/2-1/2

[Event "17MCR_PFA"]
[Site "?"]
[Date "2003.??.??"]
[Round "?"]
[White "Barta, Tomas"]
[Black "Pytlik, Lesek"]
[Result "1-0"]
[WhiteElo "1835"]
[BlackElo "2260"]
[PlyCount "55"]
[EventDate "2003.??.??"]
[EventType "corr"]
[EventRounds "1"]
[SourceDate "2005.10.25"]

1. e4 e5 2. Nf3 Nc6 3. Bb5 a6 4. Ba4 Nf6 5. O-O Nxe4 6. Re1 Nc5 7. Nc3 Be7 8.
Nd5 e4 9. Bxc6 bxc6 10. Nxe7 Qxe7 11. d3 f5 12. b4 Ne6 13. dxe4 fxe4 14. Rxe4
O-O 15. Qd3 Qf6 16. Rb1 Rb8 17. Rb3 d6 18. Qe2 Bd7 19. Bb2 Qg6 20. Nh4 Qh6 21.
g3 Ng5 22. Re7 Nh3+ 23. Kh1 Nxf2+ 24. Kg2 Bg4 25. Nf3 Rf7 26. Rxf7 Kxf7 27. Re3
Kf8 28. Kxf2 1-0

[Event "17MCR_PFA"]
[Site "?"]
[Date "2003.??.??"]
[Round "?"]
[White "Kostal, Jindrich"]
[Black "Jirku, Jaroslav"]
[Result "1/2-1/2"]
[WhiteElo "2330"]
[BlackElo "2265"]
[PlyCount "67"]
[EventDate "2003.??.??"]
[EventType "corr"]
[EventRounds "1"]
[SourceDate "2005.10.25"]

1. e4 e5 2. Nf3 Nf6 3. Nxe5 d6 4. Nf3 Nxe4 5. d4 d5 6. Bd3 Bd6 7. O-O O-O 8. c4
c6 9. Qc2 Na6 10. a3 Bg4 11. c5 Bc7 12. Ne5 Bxe5 13. dxe5 Nexc5 14. Bxh7+ Kh8
15. b4 Qh4 16. Bd3 Nxd3 17. Qxd3 Nc7 18. h3 Bh5 19. f4 f6 20. Bb2 Rae8 21. Qe3
fxe5 22. Bxe5 Ne6 23. Nd2 Kg8 24. f5 Ng5 25. Qe1 Qxe1 26. Raxe1 b6 27. Kh2 Nf7
28. Bd4 Be2 29. Rf2 Bb5 30. Rc1 Nd6 31. g4 Re7 32. Kg3 Rfe8 33. Kf4 Rf7 34. Kg5
1/2-1/2

[Event "17MCR_PFA"]
[Site "?"]
[Date "2003.??.??"]
[Round "?"]
[White "Dedina, Miroslav"]
[Black "Volek, Stanislav"]
[Result "1/2-1/2"]
[WhiteElo "2325"]
[BlackElo "2265"]
[PlyCount "127"]
[EventDate "2003.??.??"]
[EventType "corr"]
[EventRounds "1"]
[SourceDate "2005.10.25"]

1. e4 e6 2. d4 d5 3. Nd2 c5 4. Ngf3 Nc6 5. exd5 exd5 6. Bb5 Bd6 7. dxc5 Bxc5 8.
O-O Nge7 9. Nb3 Bd6 10. h3 O-O 11. Re1 h6 12. c3 Nf5 13. Bd3 Qf6 14. Bc2 Rd8
15. Qd3 g6 16. Qe2 Kh7 17. Qd2 Qg7 18. g4 Nfe7 19. Nbd4 Bd7 20. Ne2 a5 21. a3
Rac8 22. Kg2 f6 23. Nf4 Ne5 24. Nd4 Rh8 25. Nfe6 Qf7 26. Nf4 f5 27. f3 Rcf8 28.
Nd3 N5c6 29. Nxc6 Nxc6 30. Bb3 Kg7 31. Qf2 h5 32. g5 f4 33. Qh4 Qf5 34. Rd1 Rf7
35. Ne1 Ne7 36. Nc2 Qe5 37. Re1 Nf5 38. Qf2 Ne3+ 39. Kh1 Bc5 40. Nd4 Re7 41.
Qh4 Rc8 42. Bd2 a4 43. Ba2 Bxd4 44. cxd4 Qxd4 45. Rad1 Qxb2 46. Qxf4 Rf7 47.
Qxe3 Qxa2 48. Ra1 Qb3 49. Qe5+ Kh7 50. Re3 Qb5 51. Bc3 Bxh3 52. Rae1 Bd7 53.
Bd4 Qc6 54. Kg1 Qc7 55. Qxd5 Qg3+ 56. Kh1 Rcf8 57. Re7 Kg8 58. Ba1 Bc6 59. R1e6
Kh7 60. Rxf7+ Rxf7 61. Rxc6 Qe1+ 62. Kg2 Re7 63. Rc2 Qxa1 64. Qd6 1/2-1/2

[Event "17MCR_PFA"]
[Site "?"]
[Date "2003.??.??"]
[Round "?"]
[White "Kuta, Jiri"]
[Black "Novak, Vratislav"]
[Result "1/2-1/2"]
[WhiteElo "2305"]
[BlackElo "2265"]
[PlyCount "71"]
[EventDate "2003.??.??"]
[EventType "corr"]
[EventRounds "1"]
[SourceDate "2005.10.25"]

1. d4 d5 2. c4 e6 3. Nc3 c6 4. e3 Nf6 5. Nf3 Nbd7 6. Qc2 Bd6 7. Be2 O-O 8. O-O
dxc4 9. Bxc4 b5 10. Be2 Bb7 11. Rd1 Qc7 12. Bd2 Rfe8 13. b4 e5 14. Rac1 a6 15.
Bd3 exd4 16. exd4 Bxb4 17. Nxb5 axb5 18. Bxb4 Qf4 19. Bd2 Qd6 20. Qb1 Nf8 21.
Bc2 Ne6 22. Be3 Re7 23. Re1 Rae8 24. Bb3 Nd5 25. Kh1 Nf8 26. Qf5 Bc8 27. Qc2
Bb7 28. Bd2 Rxe1+ 29. Rxe1 Rxe1+ 30. Bxe1 Ne6 31. Bd2 c5 32. dxc5 Nxc5 33. Ng5
h6 34. Ne4 Nxe4 35. Qxe4 Nf6 36. Qe3 1/2-1/2

[Event "17MCR_PFA"]
[Site "?"]
[Date "2003.??.??"]
[Round "?"]
[White "Vondracek, Emil"]
[Black "Prchly, Milos"]
[Result "1/2-1/2"]
[WhiteElo "2275"]
[BlackElo "2270"]
[PlyCount "73"]
[EventDate "2003.??.??"]
[EventType "corr"]
[EventRounds "1"]
[SourceDate "2005.10.25"]

1. e4 e5 2. Nc3 Nf6 3. Bc4 Nxe4 4. Qh5 Nd6 5. Bb3 Be7 6. Nf3 Nc6 7. Nxe5 O-O 8.
O-O Nd4 9. Nd5 Nxb3 10. axb3 Ne8 11. d4 Nf6 12. Nxf6+ Bxf6 13. Re1 d6 14. Nf3
Qd7 15. c3 Qf5 16. Qxf5 Bxf5 17. Bg5 Bxg5 18. Nxg5 Rae8 19. f3 a6 20. Kf2 f6
21. Ne4 Kf7 22. b4 Be6 23. Re3 h6 24. g3 Re7 25. Rae1 Rfe8 26. Nd2 g5 27. h4 f5
28. hxg5 hxg5 29. f4 g4 30. c4 c6 31. b3 Rh8 32. Nf1 Ree8 33. Ke2 Kf6 34. Kd3
Bf7 35. Rxe8 Bxe8 36. Nd2 Bf7 37. Re3 1/2-1/2

[Event "17MCR_PFA"]
[Site "?"]
[Date "2003.??.??"]
[Round "?"]
[White "Novak, Vratislav"]
[Black "Vondracek, Emil"]
[Result "1/2-1/2"]
[WhiteElo "2265"]
[BlackElo "2275"]
[PlyCount "112"]
[EventDate "2003.??.??"]
[EventType "corr"]
[EventRounds "1"]
[SourceDate "2005.10.25"]

1. e4 e5 2. Nf3 Nc6 3. Bb5 a6 4. Ba4 Nf6 5. O-O b5 6. Bb3 Bb7 7. d3 Be7 8. Nc3
d6 9. Nd5 Nxd5 10. Bxd5 O-O 11. Bd2 Qc8 12. Re1 Nd8 13. d4 c6 14. Bb3 c5 15.
dxc5 dxc5 16. Bd5 Bxd5 17. exd5 f6 18. c4 bxc4 19. Qc2 Nf7 20. Rad1 Nd6 21. Be3
Qf5 22. Qc1 Qd7 23. Bxc5 Rac8 24. Bxd6 Qxd6 25. Qc2 Rfd8 26. Nh4 Qc5 27. Nf5
Bf8 28. Qe4 Qb5 29. d6 Kh8 30. Qe2 c3 31. Qxb5 axb5 32. bxc3 Rxc3 33. Rd2 g6
34. Ng3 Rxd6 35. Rxd6 Bxd6 36. Ne4 Rc6 37. Nxf6 Rc2 38. Ne4 Bf8 39. Ra1 b4 40.
Kf1 h6 41. h4 Kg7 42. g3 Kf7 43. Kg2 Ke6 44. Kf3 Kf5 45. g4+ Ke6 46. h5 gxh5
47. gxh5 Be7 48. Kg4 Bf8 49. Kf3 Kf5 50. Ng3+ Kg5 51. Re1 Kf6 52. Ne4+ Ke6 53.
Ra1 Be7 54. Kg4 Kd5 55. Kf5 Bc5 56. f3 Bd4 1/2-1/2

[Event "17MCR_PFA"]
[Site "?"]
[Date "2003.??.??"]
[Round "?"]
[White "Volek, Stanislav"]
[Black "Kuta, Jiri"]
[Result "1/2-1/2"]
[WhiteElo "2265"]
[BlackElo "2305"]
[PlyCount "93"]
[EventDate "2003.??.??"]
[EventType "corr"]
[EventRounds "1"]
[SourceDate "2005.10.25"]

1. d4 Nf6 2. Nf3 g6 3. c3 Bg7 4. Bg5 c5 5. dxc5 Na6 6. Qd4 Nc7 7. Nbd2 Ne6 8.
Qb4 Qc7 9. Bxf6 Bxf6 10. Ne4 Bg7 11. Nd4 a5 12. Nxe6 dxe6 13. Qc4 O-O 14. e3 b5
15. cxb6 Qxb6 16. Qb3 Qc7 17. Qc2 Bb7 18. Bd3 Qc6 19. f3 Qb6 20. Qe2 Bd5 21.
O-O Rab8 22. Rf2 Rfd8 23. Ng3 Rd7 24. a4 Bb7 25. Bb5 Rd5 26. e4 Rd6 27. Nf1 Bh6
28. Re1 Rbd8 29. Kh1 Bf4 30. Qc2 Bc6 31. Bxc6 Qxc6 32. g3 Bh6 33. f4 Bg7 34.
Rd2 Rxd2 35. Nxd2 e5 36. fxe5 Bxe5 37. Nf3 Bg7 38. Kg2 e6 39. Re2 Qc4 40. Rf2
Rb8 41. Re2 Rd8 42. Re3 Rb8 43. e5 Bf8 44. Re2 Bc5 45. Qd1 Kg7 46. Rd2 Rb3 47.
Qf1 1/2-1/2

[Event "17MCR_PFA"]
[Site "?"]
[Date "2003.??.??"]
[Round "?"]
[White "Jirku, Jaroslav"]
[Black "Dedina, Miroslav"]
[Result "1-0"]
[WhiteElo "2265"]
[BlackElo "2325"]
[PlyCount "27"]
[EventDate "2003.??.??"]
[EventType "corr"]
[EventRounds "1"]
[SourceDate "2005.10.25"]

1. e4 e5 2. Nf3 Nc6 3. Bb5 a6 4. Ba4 Nf6 5. O-O Nxe4 6. d4 b5 7. Bb3 d5 8. dxe5
Be6 9. c3 Bc5 10. Nbd2 Nxd2 11. Qxd2 O-O 12. Qd3 Ne7 13. Nd4 Bd6 14. exd6 1-0

[Event "17MCR_PFA"]
[Site "?"]
[Date "2003.??.??"]
[Round "?"]
[White "Pytlik, Lesek"]
[Black "Kostal, Jindrich"]
[Result "1/2-1/2"]
[WhiteElo "2260"]
[BlackElo "2330"]
[PlyCount "101"]
[EventDate "2003.??.??"]
[EventType "corr"]
[EventRounds "1"]
[SourceDate "2005.10.25"]

1. e4 e5 2. Nf3 Nc6 3. d4 exd4 4. Nxd4 Bc5 5. Be3 Qf6 6. c3 Nge7 7. Bc4 Ne5 8.
Be2 d6 9. O-O Qg6 10. f4 Qxe4 11. Bf2 Bxd4 12. cxd4 N5g6 13. Nc3 Qxf4 14. Nb5
O-O 15. Nxc7 Rb8 16. d5 b6 17. Rc1 Qg5 18. Rc3 Nf5 19. Bf3 a5 20. Qc1 Qxc1 21.
Rfxc1 Ne5 22. Be4 Ne7 23. Rb3 Bf5 24. Bxf5 Nxf5 25. Bxb6 a4 26. Rb5 h5 27. b3
axb3 28. Rxb3 Rb7 29. Rcc3 Rfb8 30. Ba7 Rxb3 31. Rxb3 Rxb3 32. axb3 Kf8 33. h3
Ke7 34. Kf2 h4 35. Ke2 Ng3+ 36. Ke3 g5 37. Bb8 Nd7 38. Ba7 Nf6 39. Bd4 Nf5+ 40.
Kd3 Nxd4 41. Kxd4 Nh5 42. Ke4 Nf4 43. Kf5 f6 44. b4 Kd7 45. Ne6 Nxg2 46. Kxf6
g4 47. Ng5 gxh3 48. Nxh3 Ne3 49. Kg5 Nxd5 50. Kxh4 Kc6 51. Kg4 1/2-1/2

[Event "17MCR_PFA"]
[Site "?"]
[Date "2003.??.??"]
[Round "?"]
[White "Doubek, Svatopluk"]
[Black "Barta, Tomas"]
[Result "1-0"]
[WhiteElo "2255"]
[BlackElo "1835"]
[PlyCount "77"]
[EventDate "2003.??.??"]
[EventType "corr"]
[EventRounds "1"]
[SourceDate "2005.10.25"]

1. e4 c5 2. Nf3 Nc6 3. Bb5 e6 4. O-O Nge7 5. c3 a6 6. Ba4 b5 7. Bc2 d5 8. e5 d4
9. Be4 Bb7 10. cxd4 cxd4 11. d3 Nd5 12. Nbd2 Bc5 13. Nb3 Bb6 14. Qe2 h6 15. Bd2
O-O 16. Rfc1 Rc8 17. a4 Re8 18. g4 Qd7 19. axb5 axb5 20. Nc5 Qe7 21. Nxb7 Qxb7
22. g5 hxg5 23. Nxg5 g6 24. Qg4 Nxe5 25. Qg3 f6 26. Rxc8 Qxc8 27. f4 fxg5 28.
fxe5 Qc7 29. Bxg6 Rf8 30. Qh3 g4 31. Qxg4 Qxe5 32. Qh3 Nf6 33. Re1 Qd5 34. Rf1
Qd7 35. Rf2 Bc5 36. Rg2 Rf7 37. Bxf7+ Kxf7 38. Qh6 Ke8 39. Qxf6 1-0

[Event "17MCR_PFA"]
[Site "?"]
[Date "2003.??.??"]
[Round "?"]
[White "Bosak, Zdenek"]
[Black "Jakimic, Viktor"]
[Result "0-1"]
[WhiteElo "2250"]
[BlackElo "2135"]
[PlyCount "124"]
[EventDate "2003.??.??"]
[EventType "corr"]
[EventRounds "1"]
[SourceDate "2005.10.25"]

1. e4 c5 2. Nf3 Nc6 3. Nc3 g6 4. d4 cxd4 5. Nxd4 Bg7 6. Be3 Nf6 7. Nxc6 bxc6 8.
e5 Nd5 9. Nxd5 cxd5 10. Qxd5 Rb8 11. Bc4 O-O 12. f4 d6 13. Bb3 Bb7 14. Qc4 dxe5
15. O-O e6 16. Rad1 Bd5 17. Qa4 Bxb3 18. cxb3 Qe8 19. Qxe8 Rfxe8 20. fxe5 Bxe5
21. Rd7 f5 22. Bxa7 Rb5 23. Re1 Rd5 24. Rb7 Ra5 25. Bf2 Bxb2 26. a4 e5 27. Rd1
f4 28. Be1 Rc5 29. b4 Bd4+ 30. Kf1 Rc2 31. a5 Rec8 32. b5 f3 33. gxf3 Rxh2 34.
Rd2 Rh1+ 35. Ke2 Rc1 36. Bf2 Rh2 37. Rxd4 exd4 38. a6 Rc2+ 39. Kd3 Rcxf2 40. a7
Rxf3+ 41. Kxd4 Rf4+ 42. Ke3 Ra4 43. Rb8+ Kg7 44. a8=Q Rxa8 45. Rxa8 Rb2 46. Rb8
h5 47. Kf3 Rb4 48. b6 g5 49. b7 Kh7 50. Kg2 Rb3 51. Kh2 h4 52. Kg2 g4 53. Kh2
Rb2+ 54. Kg1 h3 55. Ra8 Rxb7 56. Ra4 Rg7 57. Ra1 g3 58. Ra4 Rg6 59. Ra7+ Kh6
60. Ra8 Kh5 61. Ra4 Re6 62. Ra5+ Kg4 0-1

[Event "17MCR_PFA"]
[Site "?"]
[Date "2003.??.??"]
[Round "?"]
[White "Klempar, Miloslav"]
[Black "Toman, Antonin"]
[Result "1-0"]
[WhiteElo "2250"]
[BlackElo "2205"]
[PlyCount "117"]
[EventDate "2003.??.??"]
[EventType "corr"]
[EventRounds "1"]
[SourceDate "2005.10.25"]

1. e4 d5 2. exd5 Nf6 3. d4 Nxd5 4. Nf3 Bg4 5. c4 Nb6 6. c5 N6d7 7. Bc4 e6 8.
Nc3 Be7 9. h3 Bxf3 10. Qxf3 c6 11. Bf4 Nf8 12. Nb5 cxb5 13. Qxb7 bxc4 14. Qxa8
Nbd7 15. Qb7 Qa5+ 16. Bd2 Qd8 17. Rc1 Ng6 18. c6 Nb6 19. c7 Qd7 20. Qxa7 Nc8
21. Qa6 c3 22. Rxc3 Bb4 23. Rc4 Bxd2+ 24. Kxd2 O-O 25. Qc6 Qe7 26. Rhc1 Qg5+
27. Ke2 Nge7 28. Qf3 Qb5 29. Qa3 Nd5 30. Ke1 Ndb6 31. Rc5 Qd7 32. Qb4 Nd5 33.
Qb5 Qd6 34. g3 Ndb6 35. Qb4 Nd5 36. Qb3 Nde7 37. Qc4 Nf5 38. d5 e5 39. b4 Nd4
40. Rc3 Qg6 41. Qd3 Qf6 42. Kf1 Re8 43. Kg2 e4 44. Qd2 Nf5 45. Qe1 Qd4 46. b5
Nfd6 47. Qe3 Qe5 48. a4 Nb7 49. R5c4 Qxd5 50. Qd4 Qe6 51. b6 h5 52. Rb4 Ncd6
53. Qd1 h4 54. gxh4 Rf8 55. h5 Kh7 56. Qg4 Qd5 57. Rg3 Qe5 58. Qg5 Re8 59. Rb5
1-0

[Event "17MCR_PFA"]
[Site "?"]
[Date "2003.??.??"]
[Round "?"]
[White "Javorsky, Jan"]
[Black "Geryk, Miroslav"]
[Result "1-0"]
[WhiteElo "2245"]
[BlackElo "2235"]
[PlyCount "21"]
[EventDate "2003.??.??"]
[EventType "corr"]
[EventRounds "1"]
[SourceDate "2005.10.25"]

1. e4 c5 2. Nf3 d6 3. d4 cxd4 4. Nxd4 Nf6 5. Nc3 a6 6. Be3 Ng4 7. Bg5 h6 8. Bc1
Nc6 9. Be2 e5 10. Nxc6 bxc6 11. Bxg4 1-0

[Event "17MCR_PFA"]
[Site "?"]
[Date "2003.??.??"]
[Round "?"]
[White "Toman, Antonin"]
[Black "Javorsky, Jan"]
[Result "1/2-1/2"]
[WhiteElo "2205"]
[BlackElo "2245"]
[PlyCount "106"]
[EventDate "2003.??.??"]
[EventType "corr"]
[EventRounds "1"]
[SourceDate "2005.10.25"]

1. e4 c5 2. b3 e6 3. Bb2 a6 4. Nf3 Nc6 5. c4 Qc7 6. Be2 Nf6 7. Nc3 Nd4 8. d3
Be7 9. O-O Ng4 10. g3 h5 11. Na4 h4 12. Nxd4 Nxh2 13. Nf3 Nxf1 14. Qxf1 b5 15.
Nc3 b4 16. Na4 hxg3 17. Qg2 gxf2+ 18. Kxf2 Bf8 19. Rf1 d6 20. Ke1 e5 21. Ng5 f6
22. Nh7 Be6 23. Bg4 Bxg4 24. Qxg4 Kd8 25. Rh1 g5 26. Qf5 Bg7 27. Rh5 Qd7 28.
Qxd7+ Kxd7 29. Nb6+ Ke6 30. Nxa8 Rxa8 31. Nxg5+ fxg5 32. Rxg5 Bf6 33. Rg2 Rh8
34. Kd1 Rh3 35. Kc2 Bh4 36. a3 Bg3 37. axb4 cxb4 38. d4 a5 39. Rg1 Rh2+ 40. Kb1
Bf4 41. Rg6+ Kd7 42. Rg7+ Kd8 43. Rg6 Ke7 44. Rg7+ Kf6 45. Ra7 Re2 46. dxe5+
dxe5 47. Rxa5 Rxe4 48. Rb5 Re1+ 49. Kc2 Re2+ 50. Kb1 Kf5 51. Rxb4 e4 52. Rb7
Re1+ 53. Ka2 Ke6 1/2-1/2

[Event "17MCR_PFA"]
[Site "?"]
[Date "2003.??.??"]
[Round "?"]
[White "Jakimic, Viktor"]
[Black "Klempar, Miloslav"]
[Result "1/2-1/2"]
[WhiteElo "2135"]
[BlackElo "2250"]
[PlyCount "38"]
[EventDate "2003.??.??"]
[EventType "corr"]
[EventRounds "1"]
[SourceDate "2005.10.25"]

1. d4 Nf6 2. c4 e6 3. Nc3 Bb4 4. e3 O-O 5. Bd3 d5 6. cxd5 exd5 7. Nge2 c5 8.
dxc5 Bxc5 9. a3 Nc6 10. b4 Bb6 11. O-O d4 12. exd4 Nxd4 13. Be3 Nxe2+ 14. Qxe2
Bg4 15. f3 Bxe3+ 16. Qxe3 Re8 17. Ne4 Nd5 18. Qd4 Nf4 19. Qxd8 Raxd8 1/2-1/2

[Event "17MCR_PFA"]
[Site "?"]
[Date "2003.??.??"]
[Round "?"]
[White "Barta, Tomas"]
[Black "Bosak, Zdenek"]
[Result "1-0"]
[WhiteElo "1835"]
[BlackElo "2250"]
[PlyCount "71"]
[EventDate "2003.??.??"]
[EventType "corr"]
[EventRounds "1"]
[SourceDate "2005.10.25"]

1. d4 d5 2. c4 c6 3. Nf3 Nf6 4. Nc3 dxc4 5. a4 Bg4 6. Ne5 Bh5 7. f3 e6 8. e4
Bb4 9. g4 Bg6 10. h4 Nbd7 11. Bf4 Nxe5 12. dxe5 Nxe4 13. fxe4 Bxe4 14. Qxd8+
Rxd8 15. Rh3 h5 16. g5 Bf5 17. Rh2 O-O 18. Be2 Bg4 19. Bxg4 hxg4 20. Rg2 Rd3
21. Rc1 b5 22. Rxg4 Rfd8 23. Kf2 Bxc3 24. bxc3 a5 25. Ke2 R8d5 26. g6 bxa4 27.
gxf7+ Kf8 28. Rf1 Rb5 29. Be3 Rxe5 30. Rf3 a3 31. Rxc4 a2 32. Ra4 Rd7 33. Rxa2
Rxf7 34. Rxf7+ Kxf7 35. Kd3 Rb5 36. c4 1-0

[Event "17MCR_PFA"]
[Site "?"]
[Date "2003.??.??"]
[Round "?"]
[White "Kostal, Jindrich"]
[Black "Doubek, Svatopluk"]
[Result "1-0"]
[WhiteElo "2330"]
[BlackElo "2255"]
[PlyCount "91"]
[EventDate "2003.??.??"]
[EventType "corr"]
[EventRounds "1"]
[SourceDate "2005.10.25"]

1. e4 e5 2. Nf3 Nc6 3. Bb5 a6 4. Ba4 Nf6 5. O-O Be7 6. Re1 b5 7. Bb3 d6 8. c3
O-O 9. h3 Na5 10. Bc2 c5 11. d4 Qc7 12. Nbd2 cxd4 13. cxd4 Bb7 14. d5 Rac8 15.
Bb1 Nh5 16. Nf1 g6 17. Bh6 Rfe8 18. Bd3 Bf8 19. Rc1 Qd7 20. Rxc8 Rxc8 21. Bxf8
Kxf8 22. Ne3 Nf4 23. Bf1 Rc7 24. Qd2 Nc4 25. Nxc4 bxc4 26. Qb4 Kg8 27. Nd2 Nd3
28. Bxd3 cxd3 29. Re3 Rc2 30. a4 Qc7 31. Rxd3 a5 32. Qb3 Ba6 33. Rc3 Rxc3 34.
Qxc3 Qxc3 35. bxc3 Bd3 36. f3 Kf8 37. Kf2 Ke7 38. Nb3 Bc2 39. Nxa5 Bxa4 40. g3
Bd7 41. h4 h6 42. Nc4 Bc8 43. Ne3 Bd7 44. f4 h5 45. c4 f6 46. f5 1-0

[Event "17MCR_PFA"]
[Site "?"]
[Date "2003.??.??"]
[Round "?"]
[White "Dedina, Miroslav"]
[Black "Pytlik, Lesek"]
[Result "0-1"]
[WhiteElo "2325"]
[BlackElo "2260"]
[PlyCount "70"]
[EventDate "2003.??.??"]
[EventType "corr"]
[EventRounds "1"]
[SourceDate "2005.10.25"]

1. e4 e5 2. Nf3 Nc6 3. d4 exd4 4. Nxd4 Bc5 5. Be3 Qf6 6. c3 Nge7 7. Bc4 Ne5 8.
Be2 d6 9. O-O Qg6 10. Kh1 Qxe4 11. Nd2 Qg6 12. Nb5 O-O 13. Nxc7 Rb8 14. Bh5 Qf5
15. Qe2 Bd7 16. Bxc5 dxc5 17. Ne4 Bc6 18. Nd6 Qf6 19. Rad1 N7g6 20. Ne4 Qe7 21.
f4 Nxf4 22. Rxf4 Qxc7 23. Rff1 Rbd8 24. Rxd8 Rxd8 25. Ng5 g6 26. Bf3 Nxf3 27.
Nxf3 Qf4 28. Kg1 Re8 29. Qd3 a6 30. b3 Qe3+ 31. Qxe3 Rxe3 32. c4 Re2 33. Rf2
Bxf3 34. gxf3 Rxf2 35. Kxf2 Kg7 0-1

[Event "17MCR_PFA"]
[Site "?"]
[Date "2003.??.??"]
[Round "?"]
[White "Kuta, Jiri"]
[Black "Jirku, Jaroslav"]
[Result "1/2-1/2"]
[WhiteElo "2305"]
[BlackElo "2265"]
[PlyCount "116"]
[EventDate "2003.??.??"]
[EventType "corr"]
[EventRounds "1"]
[SourceDate "2005.10.25"]

1. d4 d5 2. c4 e6 3. Nc3 Nf6 4. cxd5 exd5 5. Bg5 Be7 6. e3 c6 7. Qc2 Nbd7 8.
Bd3 Nh5 9. Bxe7 Qxe7 10. O-O-O Nb6 11. h3 g6 12. g4 Ng7 13. Nf3 Bd7 14. Ne5
O-O-O 15. Kb1 Kb8 16. Rc1 Bc8 17. Na4 f6 18. Nf3 Nxa4 19. Qxa4 g5 20. Rhg1 h5
21. Ka1 hxg4 22. hxg4 Rh3 23. Be2 Rdh8 24. Qa5 Ne8 25. Qc5 Qc7 26. Qb4 Nd6 27.
Nd2 Rh2 28. Rgf1 Be6 29. Nf3 R2h3 30. Nd2 R3h4 31. f3 f5 32. Nb3 Bc8 33. Bd3
Ka8 34. gxf5 Bxf5 35. Bxf5 Nxf5 36. Rfe1 Ng3 37. Nc5 g4 38. fxg4 Rxg4 39. Nd3
Ne4 40. Ne5 Rg2 41. Rf1 Qd6 42. Qa4 Rh7 43. Rf4 a6 44. Rff1 Rc7 45. Nf7 Qe6 46.
Ne5 Ka7 47. Nd3 Rg3 48. Rfe1 Qh6 49. Nf4 Re7 50. Qa5 Rh7 51. Re2 Qg5 52. Qe1
Qg4 53. Qb4 Rf3 54. Rce1 Qg7 55. a4 Qe7 56. Qxe7 Rxe7 57. Ng6 Rh7 58. a5 Rg3
1/2-1/2